Complete works of William Shakespeare (Record no. 16736)
[ view plain ]
| 000 -LEADER | |
|---|---|
| fixed length control field | 00257nam a22001097a 4500 |
| 008 - FIXED-LENGTH DATA ELEMENTS--GENERAL INFORMATION | |
| fixed length control field | 131217t xxu||||| |||| 00| 0 eng d |
| 020 ## - INTERNATIONAL STANDARD BOOK NUMBER | |
| International Standard Book Number | 0-00-470474-6 |
| 245 ## - TITLE STATEMENT | |
| Title | Complete works of William Shakespeare |
| 260 ## - PUBLICATION, DISTRIBUTION, ETC. | |
| Name of publisher, distributor, etc. | Collins |
| 300 ## - PHYSICAL DESCRIPTION | |
| Extent | 1433 |
| 942 ## - ADDED ENTRY ELEMENTS (KOHA) | |
| Source of classification or shelving scheme | |
| Koha item type | Book |
| Withdrawn status | Lost status | Source of classification or shelving scheme | Damaged status | Not for loan | Collection code | Permanent Location | Current Location | Date acquired | Total Checkouts | Full call number | Barcode | Date last seen | Date last checked out | Price effective from | Koha item type |
|---|---|---|---|---|---|---|---|---|---|---|---|---|---|---|---|
| Atta-ur-Rahman School of Applied Biosciences (ASAB) | Atta-ur-Rahman School of Applied Biosciences (ASAB) | 12/17/2013 | 2 | 820 Sha | ASAB3006 | 01/01/2026 | 12/22/2025 | 12/17/2013 | Book |
